Promised land / (Record no. 6752)

MARC details
000 -LEADER
fixed length control field 02177cam a2200505 i 4500
001 - CONTROL NUMBER
control field on1196244052
003 - CONTROL NUMBER IDENTIFIER
control field TZ-ArACH
005 - DATE AND TIME OF LATEST TRANSACTION
control field 20221007123146.0
008 - FIXED-LENGTH DATA ELEMENTS--GENERAL INFORMATION
fixed length control field 200920s2020 xxkacf 001 0aeng d
015 ## - NATIONAL BIBLIOGRAPHY NUMBER
National bibliography number GBC0E1973
Source bnb
016 7# - NATIONAL BIBLIOGRAPHIC AGENCY CONTROL NUMBER
Record control number 019947820
Source Uk
020 ## - INTERNATIONAL STANDARD BOOK NUMBER
International Standard Book Number 9780241491515
Qualifying information (hardback)
020 ## - INTERNATIONAL STANDARD BOOK NUMBER
International Standard Book Number 0241491517
Qualifying information (hardback)
020 ## - INTERNATIONAL STANDARD BOOK NUMBER
Cancelled/invalid ISBN 9780241991411
Qualifying information (ePub ebook)
035 ## - SYSTEM CONTROL NUMBER
System control number (OCoLC)1196244052
040 ## - CATALOGING SOURCE
Original cataloging agency YDX
Language of cataloging eng
Description conventions rda
Transcribing agency TZ-ArACH
043 ## - GEOGRAPHIC AREA CODE
Geographic area code n-us---
049 ## - LOCAL HOLDINGS (OCLC)
Holding library TZAA
050 #4 - LIBRARY OF CONGRESS CALL NUMBER
Classification number E908
Item number .O25 2020
100 1# - MAIN ENTRY--PERSONAL NAME
Personal name Obama, Barack,
Relator term author.
245 12 - TITLE STATEMENT
Title Promised land /
Statement of responsibility, etc Barack Obama.
260 ## - PUBLICATION, DISTRIBUTION, ETC. (IMPRINT)
Place of publication, distribution, etc London :
Name of publisher, distributor, etc Penguin Books,
Date of publication, distribution, etc 2020.
300 ## - PHYSICAL DESCRIPTION
Extent xvi, 751 pages, 32 unnumbered pages of plates :
Other physical details illustrations (chiefly colour), portraits (chiefly colour) ;
Dimensions 25 cm
500 ## - GENERAL NOTE
General note Includes index.
505 0# - FORMATTED CONTENTS NOTE
Formatted contents note part 1. The bet -- part 2. Yes we can -- part 3. Renegade -- part 4. The good fight -- part 5. The world as it is -- part 6. In the barrel -- part 7. On the high wire.
520 ## - SUMMARY, ETC.
Summary, etc "In the stirring highly anticipated first volume of his presidential memoirs, Barack Obama tells the story of his improbable odyssey from young man searching for his identity to leader of the free world, describing in striking personal detail both his political education and the landmark moments of the first term of his historic presidency--a time of dramatic transformation and turmoil"--Flap of jacket
600 10 - SUBJECT ADDED ENTRY--PERSONAL NAME
Personal name Obama, Barack.
600 17 - SUBJECT ADDED ENTRY--PERSONAL NAME
Personal name Obama, Barack.
Source of heading or term fast
648 #7 - SUBJECT ADDED ENTRY--CHRONOLOGICAL TERM
Chronological term 2009-2017
Source of heading or term fast
650 #0 - SUBJECT ADDED ENTRY--TOPICAL TERM
Topical term or geographic name as entry element Presidents
Geographic subdivision United States
Form subdivision Biography.
650 #7 - SUBJECT ADDED ENTRY--TOPICAL TERM
Topical term or geographic name as entry element Biography.
Source of heading or term eflch
9 (RLIN) 9075
650 #7 - SUBJECT ADDED ENTRY--TOPICAL TERM
Topical term or geographic name as entry element Politics and government.
Source of heading or term fast
650 #7 - SUBJECT ADDED ENTRY--TOPICAL TERM
Topical term or geographic name as entry element Presidents.
Source of heading or term fast
650 #7 - SUBJECT ADDED ENTRY--TOPICAL TERM
Topical term or geographic name as entry element Biography.
Source of heading or term ukslc
9 (RLIN) 9075
651 #0 - SUBJECT ADDED ENTRY--GEOGRAPHIC NAME
Geographic name United States
General subdivision Politics and government
Chronological subdivision 2009-2017.
651 #6 - SUBJECT ADDED ENTRY--GEOGRAPHIC NAME
Geographic name �Etats-Unis
General subdivision Politique et gouvernement
Chronological subdivision 2009-2017.
651 #7 - SUBJECT ADDED ENTRY--GEOGRAPHIC NAME
Geographic name United States.
Source of heading or term fast
655 #2 - INDEX TERM--GENRE/FORM
Genre/form data or focus term Autobiography
655 #7 - INDEX TERM--GENRE/FORM
Genre/form data or focus term Autobiographies.
Source of term fast
655 #7 - INDEX TERM--GENRE/FORM
Genre/form data or focus term Biographies.
Source of term fast
9 (RLIN) 9335
655 #7 - INDEX TERM--GENRE/FORM
Genre/form data or focus term Autobiographies.
Source of term lcgft
655 #7 - INDEX TERM--GENRE/FORM
Genre/form data or focus term Autobiographies.
Source of term rvmgf
776 08 - ADDITIONAL PHYSICAL FORM ENTRY
Display text Ebook version :
International Standard Book Number 9780241991411
942 ## - ADDED ENTRY ELEMENTS (KOHA)
Source of classification or shelving scheme Library of Congress Classification
Koha item type Books
Holdings
Home library Current library Date acquired Full call number Barcode Koha item type
African Court on Human and Peoples' Rights Library African Court on Human and Peoples' Rights Library 07/10/2022 E908 .O25 2020 10193421 Books

African Court on Human and Peoples' Rights | For Inquiries Contact » +255 272 510 510